[Event "41st World U20 ch"]
[Site "Panaji IND"]
[Date "2002.12.09"]
[Round "1.1"]
[White "Kamble, Vikramaditya"]
[Black "Bu Xiangzhi"]
[Result "0-1"]
[WhiteElo "2317"]
[BlackElo "2601"]
[EventDate "2002.12.09"]
[PlyCount "72"]

1.e4 c5 2.Nf3 Nc6 3.d4 cxd4 4.Nxd4 g6 5.Be3 Bg7 6.Nc3 Nf6 7.f3 O-O 8.g4 
Qb6 9.Nf5 Qxb2 10.Na4 Qe5 11.Nxg7 Kxg7 12.Kf2 d6 13.c4 Bxg4 14.fxg4 Nxe4+ 
15.Kg2 Nf6 16.Bd2 d5 17.Be2 Rad8 18.c5 Nd4 19.Re1 Qe4+ 20.Bf3 Nxf3 21.Qxf3
Qxa4 22.Rxe7 Rde8 23.Rf1 Qxg4+ 24.Qxg4 Nxg4 25.Bc3+ Kg8 26.Rfe1 Rxe7 27.
Rxe7 Rb8 28.h3 Kf8 29.Rc7 Ne3+ 30.Kf3 Nf5 31.Be5 a6 32.a3 h6 33.Kf4 d4 34.
Bf6 Ng7 35.Be7+ Ke8 36.Ke5 Ne6 0-1

[Event "41st World U20 ch"]
[Site "Panaji IND"]
[Date "2002.12.09"]
[Round "1.2"]
[White "Aronian, Levon"]
[Black "Sharma, R. Preetham"]
[Result "1-0"]
[WhiteElo "2581"]
[BlackElo "2311"]
[EventDate "2002.12.09"]
[PlyCount "55"]

1.e4 c5 2.Nc3 Nc6 3.Bb5 Nd4 4.Ba4 g6 5.Nf3 Bg7 6.O-O a6 7.Nxd4 cxd4 8.Ne2 
b5 9.Bb3 Bb7 10.d3 d5 11.Ng3 h5 12.exd5 Nf6 13.f4 Bxd5 14.f5 O-O 15.Bg5 
Bxb3 16.axb3 Nd5 17.Qe2 Qd6 18.Rae1 Rac8 19.Ne4 Qc6 20.Rf2 Bf6 21.Qd2 Rc7 
22.Bxf6 Nxf6 23.fxg6 fxg6 24.Qh6 Nh7 25.Rxf8+ Nxf8 26.Rf1 Qe8 27.Ng5 e5 
28.Rxf8+ 1-0

[Event "41st World U20 ch"]
[Site "Panaji IND"]
[Date "2002.12.09"]
[Round "1.4"]
[White "Miton, Kamil"]
[Black "Annaberdiev, Meilis"]
[Result "1-0"]
[WhiteElo "2564"]
[BlackElo "2305"]
[EventDate "2002.12.09"]
[PlyCount "87"]

1.d4 Nf6 2.c4 g6 3.Nf3 Bg7 4.g3 O-O 5.Bg2 d6 6.O-O Nc6 7.Nc3 e5 8.d5 Ne7 
9.e4 Nd7 10.b4 a5 11.Ba3 axb4 12.Bxb4 h6 13.a4 f5 14.Nd2 b6 15.a5 Ba6 16.
axb6 Nxb6 17.Qb3 fxe4 18.Ncxe4 Nf5 19.Bc3 Qe7 20.Rfe1 Rfb8 21.Bf1 Qf8 22.
Qc2 Kh8 23.Rxa6 Rxa6 24.c5 Ra7 25.cxb6 Rxb6 26.h4 Qf7 27.Nc4 Rb8 28.Rd1 
Rba8 29.Qb3 Nd4 30.Bxd4 exd4 31.Ncd2 Ra3 32.Qb7 R8a7 33.Qc8+ Kh7 34.h5 Ra1
35.Rxa1 Rxa1 36.Kg2 Qxd5 37.Bc4 Qa8 38.hxg6+ Kxg6 39.Qe6+ Kh7 40.Nf3 Ra5 
41.Nf6+ Kh8 42.Bd5 Qd8 43.Ng5 Rxd5 44.Nf7# 1-0

[Event "41st World U20 ch"]
[Site "Panaji IND"]
[Date "2002.12.09"]
[Round "1.5"]
[White "Timofeev, Artiom"]
[Black "Leong Chee Ming, Luke"]
[Result "1-0"]
[WhiteElo "2558"]
[BlackElo "2297"]
[EventDate "2002.12.09"]
[PlyCount "65"]

1.e4 c6 2.c4 d5 3.exd5 cxd5 4.cxd5 Nf6 5.Nc3 Nxd5 6.Nf3 e6 7.Bc4 Be7 8.O-O
O-O 9.Re1 Nc6 10.d4 b6 11.Nxd5 exd5 12.Bb5 Bb7 13.Qa4 Rc8 14.Bf4 a6 15.Bd3
b5 16.Qd1 g6 17.h4 Re8 18.Bf1 Qb6 19.a4 b4 20.g3 Bf8 21.Be5 Qd8 22.Bh3 Ra8
23.Rc1 f6 24.Bf4 Kf7 25.Rxe8 Qxe8 26.Qb3 Qd8 27.h5 Bc8 28.Bg2 Na5 29.hxg6+
hxg6 30.Ng5+ fxg5 31.Bxd5+ Kg7 32.Be5+ Kh6 33.Qf3 1-0

[Event "41st World U20 ch"]
[Site "Panaji IND"]
[Date "2002.12.09"]
[Round "1.6"]
[White "Poliakov, Dmitry"]
[Black "Inarkiev, Ernesto"]
[Result "1-0"]
[WhiteElo "2290"]
[BlackElo "2556"]
[EventDate "2002.12.09"]
[PlyCount "95"]

1.d4 Nf6 2.Nf3 g6 3.Nc3 d5 4.Bf4 Bg7 5.e3 O-O 6.Be2 b6 7.O-O Bb7 8.h3 Na6 
9.Ne5 e6 10.a4 Ne8 11.a5 Qc8 12.Qb1 f6 13.Nf3 c5 14.Nb5 Qd7 15.b3 cxd4 16.
exd4 Nac7 17.Nxc7 Nxc7 18.Qb2 b5 19.c4 Rae8 20.Bxc7 Qxc7 21.cxb5 e5 22.
Rfc1 Qd8 23.a6 Ba8 24.Rc5 e4 25.Nh2 f5 26.Rac1 Qf6 27.Rd1 Qd6 28.Qc3 Bh6 
29.Nf1 Qb6 30.Ne3 Rd8 31.b4 Kh8 32.g3 Bg7 33.Ng2 g5 34.f4 Bh6 35.Rf1 Rg8 
36.Kh2 Rdf8 37.h4 gxf4 38.Nxf4 Re8 39.Bh5 Rd8 40.Qe3 Qd6 41.Kh3 Rg7 42.Qf2
Rdg8 43.Ne2 Bd2 44.Rc2 Bxb4 45.Rfc1 Qh6 46.Qxf5 Qe3 47.Qe5 Bd2 48.Rc8 1-0

[Event "41st World U20 ch"]
[Site "Panaji IND"]
[Date "2002.12.09"]
[Round "1.8"]
[White "McShane, Luke"]
[Black "Phoobalan, P."]
[Result "1-0"]
[WhiteElo "2546"]
[BlackElo "2227"]
[EventDate "2002.12.09"]
[PlyCount "81"]

1.e4 e5 2.Nf3 Nc6 3.Bb5 f5 4.Nc3 fxe4 5.Nxe4 d5 6.Nxe5 dxe4 7.Nxc6 Qg5 8.
Qe2 Nf6 9.f4 Qxf4 10.Ne5+ c6 11.d4 Qh4+ 12.g3 Qh3 13.Bc4 Be6 14.Bf4 Bd6 
15.O-O-O O-O-O 16.Kb1 Rhe8 17.a4 h6 18.a5 g5 19.Be3 Bxc4 20.Nxc4 Nd5 21.a6
b6 22.Rhf1 Qe6 23.Rf2 Rf8 24.Rdf1 Nxe3 25.Nxe3 Rxf2 26.Rxf2 Rf8 27.Rxf8+ 
Bxf8 28.c3 Kc7 29.Kc2 Be7 30.Nc4 Bd6 31.Kc1 b5 32.Nd2 e3 33.Nf1 Qa2 34.
Nxe3 Qa1+ 35.Kc2 Qxa6 36.Qd3 Qa1 37.Qh7+ Kb6 38.Qxh6 Qe1 39.Qe6 Qf2+ 40.
Kb3 Qf8 41.Nf5 1-0

[Event "41st World U20 ch"]
[Site "Panaji IND"]
[Date "2002.12.09"]
[Round "1.9"]
[White "Geirnaert, Steven"]
[Black "Berkes, Ferenc"]
[Result "0-1"]
[WhiteElo "2277"]
[BlackElo "2545"]
[EventDate "2002.12.09"]
[PlyCount "152"]

1.e4 e6 2.c4 c5 3.Nf3 a6 4.Nc3 Qc7 5.b3 Nf6 6.g3 b6 7.Bg2 Bb7 8.Qe2 Nc6 9.
O-O d6 10.h3 Be7 11.d3 Nd7 12.Be3 Bf6 13.Qd2 Nde5 14.Ne1 O-O 15.Nc2 Nd7 
16.d4 cxd4 17.Nxd4 Nc5 18.Rfd1 Rfd8 19.Rac1 Rac8 20.Qe2 Qb8 21.Kh2 Qa8 22.
f4 Nxd4 23.Bxd4 Bxd4 24.Rxd4 e5 25.fxe5 dxe5 26.Rxd8+ Rxd8 27.Nd5 Bxd5 28.
exd5 a5 29.Rf1 Qb8 30.Qf3 f6 31.a3 Qd6 32.b4 Nd7 33.Qb3 Rc8 34.Be4 g6 35.
g4 Kg7 36.Kg2 Kh8 37.Rc1 Rf8 38.Qc3 Rc8 39.Qb3 Qe7 40.Kh2 Kg7 41.Qc3 Qd6 
42.Rc2 Qe7 43.Kg2 Kh8 44.Kh2 Qf8 45.Rf2 Qd6 46.Rc2 Kg8 47.Kg2 Kf7 48.Kf2 
Ke7 49.Ke2 Kf7 50.Kd1 Qf8 51.Qd2 Qd6 52.Kc1 Kg7 53.Kb2 Rf8 54.Qc3 axb4 55.
axb4 f5 56.Rg2 Kh8 57.Bc2 f4 58.Bb3 Qe7 59.Rc2 f3 60.Rf2 Qg7 61.Bc2 Rf4 
62.Qe3 e4+ 63.Kb3 Qe5 64.Rf1 b5 65.Bd1 bxc4+ 66.Kxc4 Rf8 67.Ba4 Nf6 68.Bc6
Qb2 69.Rf2 Qa1 70.d6 Qa6+ 71.b5 Qa4+ 72.Kc3 Qa3+ 73.Kd2 Qxd6+ 74.Kc2 Qe6 
75.Kb2 Rd8 76.Rxf3 Rd3 0-1

[Event "41st World U20 ch"]
[Site "Panaji IND"]
[Date "2002.12.09"]
[Round "1.10"]
[White "Ni Hua"]
[Black "Dutta, Sayantan"]
[Result "1-0"]
[WhiteElo "2545"]
[BlackElo "2275"]
[EventDate "2002.12.09"]
[PlyCount "82"]

1.e4 e6 2.d4 d5 3.e5 c5 4.c3 Nc6 5.Nf3 Bd7 6.Be2 cxd4 7.cxd4 Qb6 8.O-O Rc8
9.Nc3 Nh6 10.Na4 Qd8 11.Bg5 Be7 12.Bxh6 gxh6 13.Rc1 b6 14.Qd2 Bf8 15.Ba6 
Rc7 16.Nc3 Nb8 17.Bb5 Bg7 18.Bxd7+ Rxd7 19.Ne2 O-O 20.Nf4 Re7 21.Nh5 Nd7 
22.Rc6 f6 23.exf6 Nxf6 24.Nxg7 Kxg7 25.Ne5 Qe8 26.Qb4 Kh8 27.Rfc1 Rg8 28.
Rc7 Reg7 29.Rxg7 Rxg7 30.Qd2 h5 31.Qf4 Ng4 32.Nf3 Rf7 33.Qg3 Rg7 34.Qf4 
Rf7 35.Qd6 Rd7 36.Qc6 Rd8 37.Qxe8+ Rxe8 38.h3 Nh6 39.Rc7 Nf5 40.Rxa7 Rc8 
41.Rb7 Rc4 1-0

[Event "41st World U20 ch"]
[Site "Panaji IND"]
[Date "2002.12.09"]
[Round "1.11"]
[White "Thakur, Akash"]
[Black "Ganguly, Surya Shekhar"]
[Result "1/2-1/2"]
[WhiteElo "2257"]
[BlackElo "2531"]
[EventDate "2002.12.09"]
[PlyCount "81"]

1.e4 e5 2.Nf3 Nc6 3.d4 exd4 4.Nxd4 Nf6 5.Nc3 Bb4 6.Nxc6 bxc6 7.Bd3 d5 8.
exd5 cxd5 9.O-O O-O 10.Bg5 c6 11.Ne2 h6 12.Bh4 Bd6 13.Nd4 c5 14.Nf5 Be5 
15.c3 Rb8 16.Re1 Bxf5 17.Rxe5 Bxd3 18.Qxd3 Rxb2 19.Rf5 c4 20.Qf3 Qb6 21.
Rd1 Rb1 22.Bxf6 Rxd1+ 23.Qxd1 Qe6 24.Rxd5 Qxf6 25.Qd4 Qa6 26.Rd8 Rxd8 27.
Qxd8+ Kh7 28.Qd5 Qg6 29.g3 Qg4 30.Qxf7 Qe4 31.h4 Qe1+ 32.Kg2 Qxc3 33.Qf5+ 
Kg8 34.Qc8+ Kf7 35.Qd7+ Kf6 36.Qd6+ Kf5 37.Qd5+ Kg6 38.Qe6+ Kh7 39.Qf5+ 
Kg8 40.Qc8+ Kf7 41.Qd7+ 1/2-1/2

[Event "41st World U20 ch"]
[Site "Panaji IND"]
[Date "2002.12.09"]
[Round "1.12"]
[White "Azarov, Sergei"]
[Black "Singh, Rishipal"]
[Result "1-0"]
[WhiteElo "2520"]
[BlackElo "2252"]
[EventDate "2002.12.09"]
[PlyCount "55"]

1.e4 c5 2.Nf3 a6 3.c3 d5 4.exd5 Qxd5 5.d4 Nc6 6.dxc5 Qxc5 7.Be3 Qa5 8.Be2 
Nf6 9.O-O g6 10.Nbd2 Bg7 11.Nc4 Qc7 12.Bb6 Qd7 13.Nd4 O-O 14.Bf3 Nxd4 15.
cxd4 Qb5 16.Rc1 Be6 17.a4 Qg5 18.Ne3 Rac8 19.Bxb7 Rxc1 20.Qxc1 Bd7 21.b3 
Be6 22.b4 Bb3 23.a5 Qb5 24.Qc5 Qd3 25.Qc6 e6 26.Bc5 Nd5 27.Qxa6 Rd8 28.
Qxd3 1-0

[Event "41st World U20 ch"]
[Site "Panaji IND"]
[Date "2002.12.09"]
[Round "1.13"]
[White "Macak, Stefan"]
[Black "Ghaem Maghami, Ehsan"]
[Result "0-1"]
[WhiteElo "2246"]
[BlackElo "2511"]
[EventDate "2002.12.09"]
[PlyCount "78"]

1.e4 c5 2.Nf3 d6 3.d4 cxd4 4.Nxd4 Nf6 5.Nc3 a6 6.Bg5 Nc6 7.Qd2 e6 8.O-O-O 
Bd7 9.f4 b5 10.Nxc6 Bxc6 11.Qe1 Be7 12.e5 Nd5 13.Bxe7 Qxe7 14.Nxd5 Bxd5 
15.Kb1 O-O 16.Bd3 dxe5 17.Qxe5 Rad8 18.Rd2 Bc4 19.Rhd1 Bxd3 20.Rxd3 Rxd3 
21.Rxd3 Qh4 22.b3 Qxh2 23.Qe4 g6 24.Kb2 Qg1 25.Qb7 Qc5 26.Qxa6 Rc8 27.c3 
b4 28.c4 Qf2+ 29.Kc1 Qf1+ 30.Rd1 Qxf4+ 31.Kb2 Qe5+ 32.Kc1 Qe3+ 33.Kb2 Qe5+
34.Kc1 Rc5 35.Rd8+ Kg7 36.Qd6 Qa1+ 37.Kc2 Qxa2+ 38.Kc1 Qa1+ 39.Kd2 Qc3+ 
0-1

[Event "41st World U20 ch"]
[Site "Panaji IND"]
[Date "2002.12.09"]
[Round "1.14"]
[White "Sandipan, Chanda"]
[Black "Russell, Majwuana Kankanamge Athula"]
[Result "1-0"]
[WhiteElo "2510"]
[BlackElo "2243"]
[EventDate "2002.12.09"]
[PlyCount "81"]

1.e4 c5 2.Nf3 d6 3.d4 cxd4 4.Nxd4 Nf6 5.Nc3 g6 6.Be3 Bg7 7.Be2 O-O 8.Nb3 
Nc6 9.g4 Be6 10.f4 Na5 11.f5 Bc4 12.Bf3 Rc8 13.h4 Nd7 14.Kf2 b5 15.h5 Ne5 
16.hxg6 fxg6 17.Nxa5 Qxa5 18.Nd5 Rf7 19.Bd2 Qd8 20.Bc3 Bxd5 21.Qxd5 b4 22.
Bxe5 Qb6+ 23.Kf1 Rxc2 24.Be2 dxe5 25.Qb3 Qc6 26.Bd3 Rc1+ 27.Ke2 Rxa1 28.
Rxa1 Kf8 29.Qxb4 Qb6 30.Rc1 Bh6 31.Rc8+ Kg7 32.Qxb6 axb6 33.Bc4 Rf8 34.Rc7
Bg5 35.Rb7 Rc8 36.Kd3 gxf5 37.gxf5 h5 38.Rxb6 Bf6 39.Be6 h4 40.Bxc8 h3 41.
Rc6 1-0

[Event "41st World U20 ch"]
[Site "Panaji IND"]
[Date "2002.12.09"]
[Round "1.15"]
[White "Ravichandran, Siddharth"]
[Black "Potkin, Vladimir"]
[Result "0-1"]
[WhiteElo "2223"]
[BlackElo "2495"]
[EventDate "2002.12.09"]
[PlyCount "92"]

1.e4 e6 2.d4 d5 3.Nc3 Bb4 4.exd5 exd5 5.Bd3 Nc6 6.a3 Bxc3+ 7.bxc3 Nge7 8.
Qh5 Be6 9.Rb1 b6 10.Nf3 Qd7 11.Ng5 O-O-O 12.Nxe6 Qxe6+ 13.Qe2 Nf5 14.Qxe6+
fxe6 15.O-O Nd6 16.Re1 Kd7 17.Bf4 Rdf8 18.g3 Na5 19.Re2 Nac4 20.a4 g6 21.
h4 Rc8 22.Rbe1 Rhe8 23.h5 Nb2 24.hxg6 Nxd3 25.cxd3 hxg6 26.Kg2 c5 27.dxc5 
bxc5 28.Bxd6 Kxd6 29.Rb2 c4 30.d4 Rb8 31.Reb1 Rxb2 32.Rxb2 e5 33.Re2 e4 
34.f3 exf3+ 35.Kxf3 Rb8 36.Kg4 Rb3 37.Re3 Ra3 38.Kg5 Rxa4 39.Kxg6 Ra1 40.
g4 a5 41.g5 a4 42.Kf7 Rf1+ 43.Kg7 a3 44.Re2 Rf3 45.g6 Kc7 46.Re8 Rg3 0-1

[Event "41st World U20 ch"]
[Site "Panaji IND"]
[Date "2002.12.09"]
[Round "1.17"]
[White "Soumya, Ranjan Mishra"]
[Black "Paragua, Mark"]
[Result "0-1"]
[WhiteElo "2207"]
[BlackElo "2476"]
[EventDate "2002.12.09"]
[PlyCount "78"]

1.e4 c5 2.Nf3 d6 3.Bb5+ Nd7 4.O-O Nf6 5.Re1 a6 6.Bxd7+ Nxd7 7.c3 e6 8.d4 
Be7 9.Nbd2 O-O 10.a4 b6 11.Nf1 cxd4 12.cxd4 Bb7 13.b3 a5 14.Bb2 Nb8 15.Bc3
Na6 16.Ng3 Rc8 17.Qd2 Qd7 18.Rac1 d5 19.e5 Rc7 20.h4 Rfc8 21.Red1 Qd8 22.
h5 h6 23.Ne2 Nb4 24.Nf4 Ba6 25.Ne1 Na2 26.Qxa2 Rxc3 27.Qb2 Bb4 28.Nfd3 
Bxd3 29.Nxd3 Qg5 30.Rxc3 Rxc3 31.Nxb4 axb4 32.Ra1 Qxh5 33.Rc1 Rxc1+ 34.
Qxc1 Qe2 35.Qc8+ Kh7 36.Qf8 Qd1+ 37.Kh2 Qxd4 38.Qxf7 Qxe5+ 39.g3 Qf5 0-1

[Event "41st World U20 ch"]
[Site "Panaji IND"]
[Date "2002.12.09"]
[Round "1.18"]
[White "Mastrovasilis, Dimitrios"]
[Black "Lim Yee Weng"]
[Result "1/2-1/2"]
[WhiteElo "2461"]
[BlackElo "2202"]
[EventDate "2002.12.09"]
[PlyCount "106"]

1.e4 c5 2.b3 Nc6 3.Bb2 Nf6 4.e5 Nd5 5.Nf3 g6 6.Bc4 e6 7.Bxd5 exd5 8.Nc3 d6
9.Nxd5 dxe5 10.Nxe5 Qxd5 11.Nxc6 Rg8 12.Qe2+ Be6 13.Ne5 O-O-O 14.f3 Bg7 
15.O-O-O Rge8 16.Nc4 Bd4 17.Rhe1 Qc6 18.Qf1 Qa6 19.Na3 Qa5 20.Qb5 Qc7 21.
Bxd4 cxd4 22.Qe5 Qb6 23.Kb2 Bxb3 24.Qb5 Bd5 25.Qxb6 axb6 26.Nb5 Bc6 27.
Rxe8 Bxe8 28.Na3 Bc6 29.Re1 b5 30.Re7 Rd7 31.Rxd7 Kxd7 32.Kb3 h5 33.Kb4 h4
34.h3 Ke6 35.Nxb5 Ke5 36.a4 g5 37.a5 g4 38.Kc4 gxh3 39.gxh3 Bxf3 40.Nxd4 
Bg2 41.Kd3 Kf4 42.Ne2+ Kf3 43.Nd4+ Kf4 44.Ke2 Bxh3 45.Kf2 Bd7 46.c4 h3 47.
c5 Ke5 48.c6 bxc6 49.a6 Bc8 50.Nxc6+ Kd6 51.a7 Bb7 52.Nd8 Ba8 53.Nxf7+ Ke7
1/2-1/2

[Event "41st World U20 ch"]
[Site "Panaji IND"]
[Date "2002.12.09"]
[Round "1.20"]
[White "Satyapragyan, Swayangsu"]
[Black "Nikhilesh, Kumar"]
[Result "1-0"]
[WhiteElo "2436"]
[BlackElo "2182"]
[EventDate "2002.12.09"]
[PlyCount "91"]

1.e4 c5 2.Nf3 Nc6 3.Bb5 g6 4.Bxc6 bxc6 5.O-O Bg7 6.d3 Nh6 7.Nc3 d5 8.Be3 
d4 9.Bxh6 Bxh6 10.Na4 Qd6 11.Qe1 e5 12.Qa5 Bf8 13.Nd2 Be6 14.Nb3 Bxb3 15.
cxb3 Qd8 16.Qa6 Qc8 17.Qc4 Be7 18.Nxc5 O-O 19.Rac1 a5 20.Na4 Ra6 21.Rc2 c5
22.Qb5 Qc6 23.Qc4 Qc8 24.Qd5 Qe6 25.Qxe6 Rxe6 26.Rc4 f5 27.Nxc5 Bxc5 28.
Rxc5 fxe4 29.dxe4 Ra8 30.Rfc1 Kf7 31.Kf1 a4 32.b4 Kf6 33.a3 Rd6 34.Ke2 Ke6
35.Kd3 g5 36.Rc8 Rxc8 37.Rxc8 Kd7 38.Ra8 Rf6 39.f3 g4 40.Ra7+ Kd8 41.fxg4 
Rf2 42.Rxa4 Rxg2 43.Ra5 Rxb2 44.Rd5+ Kc7 45.Rxe5 Rxh2 46.Kxd4 1-0

[Event "41st World U20 ch"]
[Site "Panaji IND"]
[Date "2002.12.09"]
[Round "1.21"]
[White "Kristjansson, Stefan"]
[Black "Gopal, Geetha Narayanan"]
[Result "1-0"]
[WhiteElo "2431"]
[BlackElo "2174"]
[EventDate "2002.12.09"]
[PlyCount "92"]

1.e4 c5 2.c3 d5 3.exd5 Qxd5 4.d4 Nf6 5.Nf3 Bg4 6.dxc5 Qxd1+ 7.Kxd1 e5 8.b4
e4 9.h3 Bh5 10.g4 Nxg4 11.hxg4 Bxg4 12.Nd2 exf3 13.Bd3 Nc6 14.Re1+ Be7 15.
Kc2 a5 16.b5 Nd8 17.a4 Ne6 18.Ba3 O-O-O 19.Nb3 Bh4 20.Be4 Ng5 21.Bxb7+ 
Kxb7 22.Re7+ Kc8 23.b6 Ne6 24.Ra7 Bf5+ 25.Kb2 Be4 26.Re1 Bd5 27.c4 Bf6+ 
28.Kb1 Bb7 29.Nxa5 Bc3 30.c6 Bxa5 31.cxb7+ Kb8 32.Rxa5 Kxb7 33.Ra7+ Kxb6 
34.Rxf7 Rhe8 35.Be7 Nc7 36.Bxd8 Rxe1+ 37.Kc2 Re2+ 38.Kd3 Rxf2 39.Bxc7+ Kc6
40.Bg3 Ra2 41.Rxf3 Ra3+ 42.Ke4 Rxa4 43.Kd4 Ra7 44.Re3 Rd7+ 45.Kc3 Rf7 46.
Re6+ Kc5 1-0

[Event "41st World U20 ch"]
[Site "Panaji IND"]
[Date "2002.12.09"]
[Round "1.22"]
[White "Sprenger, Wendelin"]
[Black "Bromberger, Stefan"]
[Result "0-1"]
[WhiteElo "2174"]
[BlackElo "2414"]
[EventDate "2002.12.09"]
[PlyCount "84"]

1.e4 c5 2.Nf3 d6 3.d4 cxd4 4.Nxd4 Nf6 5.Nc3 a6 6.Bg5 e6 7.f4 b5 8.e5 dxe5 
9.fxe5 Qc7 10.exf6 Qe5+ 11.Be2 Qxg5 12.Qd3 Qxf6 13.Rf1 Qe5 14.O-O-O Ra7 
15.Ndxb5 Qg5+ 16.Kb1 axb5 17.Nxb5 Rd7 18.Qb3 Qe5 19.Rde1 Be7 20.Na7 O-O 
21.Bb5 Qxh2 22.Nxc8 Rxc8 23.Bxd7 Nxd7 24.Rxf7 Nc5 25.Qf3 Bf6 26.Rxf6 Qh4 
27.Rfxe6 Nxe6 28.g3 Qc4 29.Qe2 Qxe2 30.Rxe2 Kf7 31.a4 h5 32.b4 Rc4 33.c3 
Rxc3 34.a5 Rb3+ 35.Rb2 Rxb2+ 36.Kxb2 g5 37.b5 h4 38.gxh4 gxh4 39.b6 Nc5 
40.b7 Nxb7 41.a6 Nc5 42.a7 Na4+ 0-1

[Event "41st World U20 ch"]
[Site "Panaji IND"]
[Date "2002.12.09"]
[Round "1.23"]
[White "Bar, Roman"]
[Black "Akshayraj, Kore"]
[Result "1/2-1/2"]
[WhiteElo "2413"]
[BlackElo "2167"]
[EventDate "2002.12.09"]
[PlyCount "43"]

1.e4 c5 2.Nf3 Nc6 3.d4 cxd4 4.Nxd4 Nf6 5.Nc3 e5 6.Ndb5 d6 7.Bg5 a6 8.Na3 
b5 9.Bxf6 gxf6 10.Nd5 f5 11.c3 Bg7 12.exf5 Bxf5 13.Nc2 O-O 14.Nce3 Bg6 15.
h4 h6 16.g4 b4 17.Nf5 bxc3 18.bxc3 Re8 19.Bg2 Bxf5 20.gxf5 e4 21.Rh3 Ne7 
22.Kf1 1/2-1/2

[Event "41st World U20 ch"]
[Site "Panaji IND"]
[Date "2002.12.09"]
[Round "1.25"]
[White "Perez Candelario, Manuel"]
[Black "Arjun Tiwari, Deepak"]
[Result "1-0"]
[WhiteElo "2408"]
[BlackElo "2154"]
[EventDate "2002.12.09"]
[PlyCount "98"]

1.e4 c5 2.Nf3 Nc6 3.Nc3 e5 4.Bc4 d6 5.d3 h6 6.Nd2 Nf6 7.Nf1 g6 8.Ne3 Bg7 
9.O-O O-O 10.Kh1 Be6 11.Ncd5 Bxd5 12.Nxd5 Nxd5 13.Bxd5 Qd7 14.Be3 Ne7 15.
Bb3 Kh7 16.c3 f5 17.f3 b5 18.Bf2 Rad8 19.Qc2 d5 20.a4 a5 21.exd5 Nxd5 22.
Rad1 Qc6 23.Rfe1 Rfe8 24.Bc4 Re7 25.Bg3 h5 26.Qb3 Bf6 27.h3 h4 28.Bh2 g5 
29.Qc2 Kh6 30.Rd2 Rh8 31.Rde2 f4 32.Bg1 Nc7 33.d4 cxd4 34.cxd4 Rhe8 35.Qf5
Qxc4 36.Qxf6+ Kh5 37.Rxe5 Rxe5 38.Rxe5 Rxe5 39.dxe5 Ne6 40.Bb6 Nd4 41.Bxd4
Qxd4 42.Qg7 Qb6 43.Qh7+ Qh6 44.Qf7+ Qg6 45.e6 Kh6 46.Qf8+ Kh7 47.e7 g4 48.
hxg4 h3 49.Qf5 Kh8 1-0

[Event "41st World U20 ch"]
[Site "Panaji IND"]
[Date "2002.12.09"]
[Round "1.26"]
[White "Pratik Shriwas, R."]
[Black "Sadykov, Rustem"]
[Result "0-1"]
[WhiteElo "2148"]
[BlackElo "2400"]
[EventDate "2002.12.09"]
[PlyCount "138"]

1.Nf3 d5 2.g3 Nf6 3.Bg2 c6 4.d3 Bf5 5.Nbd2 h6 6.O-O e6 7.b3 Be7 8.Bb2 O-O 
9.a3 Bh7 10.Qe1 a5 11.e4 c5 12.a4 Nc6 13.e5 Nd7 14.Qe2 Nb4 15.Ne1 Rc8 16.
f4 Re8 17.Kh1 Bf8 18.g4 Qc7 19.c3 Nc6 20.Nc2 Nb6 21.Na3 Qd7 22.Rad1 Na8 
23.Rf3 Nc7 24.Nf1 Rb8 25.Nb5 Rbd8 26.Ng3 Nxb5 27.axb5 Ne7 28.c4 Ng6 29.Bf1
Nh4 30.Rf2 a4 31.bxa4 dxc4 32.f5 exf5 33.d4 fxg4 34.Qxc4 Nf3 35.Be2 cxd4 
36.Bxf3 gxf3 37.Rxd4 Qe6 38.Qxe6 fxe6 39.Rxd8 Rxd8 40.Rxf3 h5 41.Ba3 Bxa3 
42.Rxa3 h4 43.Ne2 b6 44.Kg2 Rd5 45.Re3 Rd2 46.Kf1 Kf7 47.Ke1 Ra2 48.Rf3+ 
Ke7 49.Rf4 g5 50.Rg4 Bd3 51.Nc1 Ra1 52.Kd2 Bf5 53.Rxg5 Rxa4 54.Rg7+ Kd8 
55.Rb7 Rb4 56.Rxb6 Rb2+ 57.Ke1 Rxh2 58.Rd6+ Kc8 59.Nb3 Rb2 60.Nd4 Bg4 61.
Nxe6 h3 62.Rd8+ Kb7 63.Nc5+ Kc7 64.Rh8 h2 65.Kf1 Be2+ 66.Ke1 Bc4 67.Ne6+ 
Kb6 68.Rb8+ Ka7 69.Rh8 Rb1+ 0-1

[Event "41st World U20 ch"]
[Site "Panaji IND"]
[Date "2002.12.09"]
[Round "1.27"]
[White "Simutowe, Amon"]
[Black "Gurpreet, Singh Maras"]
[Result "1-0"]
[WhiteElo "2383"]
[BlackElo "2145"]
[EventDate "2002.12.09"]
[PlyCount "213"]

1.Nf3 d5 2.d4 Nf6 3.c4 e6 4.Nc3 Bb4 5.cxd5 exd5 6.Bg5 h6 7.Bh4 g5 8.Bg3 
Ne4 9.Qa4+ Nc6 10.Rc1 h5 11.h4 Bxc3+ 12.bxc3 Nxg3 13.fxg3 g4 14.Ne5 Bd7 
15.Nxc6 Bxc6 16.Qa3 Qf6 17.e3 O-O-O 18.Qb2 Qd6 19.Qf2 Rh6 20.Qf4 Rf6 21.
Qxd6 Rdxd6 22.Bd3 Rde6 23.Ke2 a6 24.Rb1 Kd8 25.Rhf1 Ke7 26.Rf4 Rd6 27.Kd2 
Rxf4 28.gxf4 Ke6 29.Rb2 f5 30.g3 Rd8 31.Kc1 Rd6 32.Rb1 Rd8 33.Rb2 Kf6 34.
Kd2 Ke6 35.Rb4 Kf6 36.Rb1 Ra8 37.Rb2 Rd8 38.Bf1 Ra8 39.Bd3 Rd8 40.Be2 Ra8 
41.Bd3 Rd8 42.Rb1 Ra8 43.Rb3 Rd8 44.Ra3 Ra8 45.Ra5 Rd8 46.c4 Ke6 47.Ke2 
Rd6 48.Kd2 Rd8 49.Kc3 Rd6 50.Kd2 Rd8 51.Rc5 Kf6 52.Ra5 Ke6 53.Rc5 Rd7 54.
Bc2 Kf6 55.Bd3 Ke6 56.Ke1 Kf6 57.Kf2 Rd6 58.Ra5 Rd8 59.Ke1 Rd6 60.Kd2 Rd8 
61.Kc3 Rd6 62.Kd2 Rd8 63.Kc2 Rd6 64.Kc1 Rd8 65.Kd1 Rd6 66.Ke2 Rd8 67.Kd2 
Ke6 68.Rc5 Kf6 69.Ra5 Rd6 70.Kc3 Rd8 71.Kc2 Rd6 72.Kd2 Rd7 73.Bf1 Rd6 74.
Kc3 Rd8 75.Rc5 Rd6 76.Ra5 Rd8 77.Bd3 Ke6 78.Rc5 Kf6 79.Bf1 Rd6 80.Ra5 Rd8 
81.Bg2 Ke6 82.Rc5 Rd6 83.cxd5+ Bxd5 84.Bxd5+ Rxd5 85.Rxc7 Ra5 86.Rxb7 Rxa2
87.Kc4 Rc2+ 88.Kd3 Rg2 89.Rb6+ Kf7 90.Rh6 Rxg3 91.Rxh5 Kg6 92.Rg5+ Kf6 93.
h5 Rh3 94.Rg6+ Kf7 95.Rxa6 Rxh5 96.d5 Ke7 97.Kd4 Rh3 98.Rb6 Kf7 99.Rb7+ 
Kf6 100.Rb6+ Kf7 101.Ke5 g3 102.Rf6+ Kg7 103.Rxf5 Kh6 104.Ke4 Kg6 105.d6 
Rh5 106.Rxh5 Kxh5 107.d7 1-0

[Event "41st World U20 ch"]
[Site "Panaji IND"]
[Date "2002.12.09"]
[Round "1.28"]
[White "Kosmo, Santul"]
[Black "Smerdon, David"]
[Result "0-1"]
[WhiteElo "2145"]
[BlackElo "2382"]
[EventDate "2002.12.09"]
[PlyCount "46"]

1.e4 d5 2.exd5 Nf6 3.c4 e6 4.dxe6 Bxe6 5.Nf3 Qe7 6.Qe2 Nc6 7.d4 Bg4 8.Be3 
O-O-O 9.d5 Ne5 10.Nc3 Nfd7 11.h3 Nxf3+ 12.gxf3 Bh5 13.O-O-O Ne5 14.Bg2 Qb4
15.Rd4 Bc5 16.Rh4 Bxe3+ 17.Qxe3 Rhe8 18.Rxh5 Nxc4 19.Qd4 c5 20.Qg4+ Rd7 
21.Nd1 Re2 22.Qf4 Na3 23.Qf5 Qd2# 0-1

[Event "41st World U20 ch"]
[Site "Panaji IND"]
[Date "2002.12.09"]
[Round "1.29"]
[White "Vioreanu, Bogdan"]
[Black "Byomakesh, Nayak"]
[Result "1-0"]
[WhiteElo "2379"]
[BlackElo "2136"]
[EventDate "2002.12.09"]
[PlyCount "158"]

1.d4 Nf6 2.c4 e6 3.Nc3 Bb4 4.f3 d5 5.a3 Be7 6.e4 c5 7.e5 Nfd7 8.cxd5 exd5 
9.Nxd5 cxd4 10.Nxe7 Qxe7 11.f4 f6 12.Qxd4 fxe5 13.Qe3 Nc6 14.Nf3 e4 15.Nd4
Nxd4 16.Qxd4 O-O 17.Bd2 Re8 18.Bc4+ Kh8 19.O-O Nf6 20.Bb4 Qd7 21.Rad1 
Qxd4+ 22.Rxd4 Be6 23.Bb5 Rec8 24.Bc3 a6 25.Be2 Bd5 26.Rfd1 Bc6 27.g4 e3 
28.R1d3 Re8 29.g5 Ne4 30.Be1 Nc5 31.Rc3 Na4 32.Rb3 Nc5 33.Rc3 Na4 34.Rb3 
Nc5 35.Rbb4 a5 36.Rbc4 Ne6 37.a4 Rf8 38.Bg3 Rad8 39.Rxd8 Rxd8 40.Be1 Nd4 
41.Kf1 Bd7 42.Bxa5 Bh3+ 43.Ke1 Rd5 44.Bb6 Nxe2 45.Kxe2 Rd2+ 46.Kxe3 Rxb2 
47.Bd4 Rb3+ 48.Kd2 Bf5 49.Bc3 Rb6 50.Rc7 Rd6+ 51.Ke2 Bd7 52.Rxb7 Kg8 53.a5
Bg4+ 54.Kf2 Rd7 55.Rxd7 Bxd7 56.Ke3 Kf7 57.Kd4 Ke6 58.Kc5 Kf5 59.Be5 h6 
60.Bxg7 hxg5 61.fxg5 Kxg5 62.a6 Bc8 63.a7 Bb7 64.Kb6 Bf3 65.Kc7 Kg6 66.Be5
Kh5 67.Kb8 Kg4 68.a8=Q Bxa8 69.Kxa8 Kh3 70.Kb7 Kg4 71.Kc6 Kh4 72.Kd5 Kg4 
73.Ke4 Kh5 74.Kf3 Kg5 75.Kg3 Kh5 76.h4 Kg6 77.Kg4 Kh6 78.h5 Kh7 79.Kg5 Kg8
1-0

[Event "41st World U20 ch"]
[Site "Panaji IND"]
[Date "2002.12.09"]
[Round "1.30"]
[White "Jagadish, H. D."]
[Black "Gozzoli, Yannick"]
[Result "0-1"]
[WhiteElo "2130"]
[BlackElo "2377"]
[EventDate "2002.12.09"]
[PlyCount "60"]

1.e4 Nf6 2.e5 Nd5 3.d4 d6 4.exd6 cxd6 5.Nf3 g6 6.Be2 Bg7 7.O-O O-O 8.c4 
Nb6 9.Be3 Nc6 10.Nc3 Bg4 11.b3 d5 12.c5 Nc8 13.b4 a6 14.h3 Bxf3 15.Bxf3 e6
16.Rb1 N8e7 17.Qd2 Nf5 18.Ne2 h6 19.Bg4 Nxe3 20.Qxe3 b5 21.Rfd1 h5 22.Bf3 
Qd7 23.Nc3 Rfb8 24.Be2 Qd8 25.a4 bxa4 26.b5 axb5 27.Bxb5 Qc7 28.Bxa4 Rxb1 
29.Rxb1 Nxd4 30.Nb5 Qxc5 0-1

[Event "41st World U20 ch"]
[Site "Panaji IND"]
[Date "2002.12.09"]
[Round "1.32"]
[White "Kafka, Graeme"]
[Black "Roy Chowdhury, Saptarshi"]
[Result "0-1"]
[WhiteElo "2108"]
[BlackElo "2376"]
[EventDate "2002.12.09"]
[PlyCount "86"]

1.e4 c5 2.Nf3 Nc6 3.d4 cxd4 4.Nxd4 e5 5.Nb5 d6 6.N1c3 a6 7.Na3 b5 8.Nd5 
Nce7 9.c4 Nxd5 10.Qxd5 Be6 11.Qd1 b4 12.Nc2 a5 13.Ne3 Nf6 14.Bd3 Be7 15.
O-O O-O 16.Nd5 Nd7 17.f4 Bxd5 18.exd5 Bf6 19.Qc2 h6 20.a3 exf4 21.Bxf4 Be5
22.axb4 Bxf4 23.Rxf4 axb4 24.Rxa8 Qxa8 25.Be4 Qa7+ 26.Kh1 Qa1+ 27.Qb1 
Qxb1+ 28.Bxb1 Nc5 29.Kg1 Ra8 30.Rf1 g6 31.Kf2 Na4 32.Ke3 Nxb2 33.Kd4 Na4 
34.Rf6 Rd8 35.Rf2 Kg7 36.Re2 Nc5 37.Rb2 b3 38.Bd3 Ra8 39.Rb1 Ra2 40.Be4 
Rd2+ 41.Ke3 Nxe4 42.Kxe4 b2 43.Kf3 Kf6 0-1